00849nam a2200229 i 4500003000900000005001700009008004100026040004300067082002000110245013000130264006100260300002300321336002200344337002400366338003300390500002900423546004100452650003300493650002600526651001000552856005700562EG-GICUC20260430180728.0260430s1980 ua |||fr|||| 00| 0 eng d aEG-GiCUCbengcEG-GiCUCdEG-GiCUCerda04221a343.164bLE00aLegal Terminology For the Use of Second Year Students /cPrepared by Prof. Dr. Mohamed H. Abd-el-aal, Dr. Aziza H. El Sherif. 2aCairo University Press :bDar El Nahda El Arabia,c1980. a89 pages ;c24 cm. 2rda contentatext 2rda mediaaComputer 2rda carrieraOnline Resource aCriminal Law & Civil Law a Parallel text in Arabic and English1 aPrecautionary Measure2qrmak1 aCriminal Law 2qrmak 1 2qrmak40uhttps://fll.law.cu.edu.eg/fulltext/bks/B10-11300.pdf